[Event "Rohde op 07th"]
[Site "Sautron"]
[Date "2007.10.30"]
[Round "5"]
[White "Friedel, Joshua E"]
[Black "Abbasov, Farid"]
[Result "0-1"]
[WhiteElo "2477"]
[BlackElo "2507"]
[Annotator "RR"]
[PlyCount "116"]
[EventDate "2007.10.27"]
[EventType "swiss"]
[EventRounds "9"]
[EventCountry "FRA"]
[SourceTitle "EXT 2008"]
[Source "ChessBase"]
[SourceDate "2007.11.25"]
[SourceVersion "1"]
[SourceVersionDate "2007.11.25"]
[SourceQuality "1"]

1. e4 g6 2. d4 Bg7 3. Nc3 c6 4. Nf3 d6 5. h3 Nd7 (5... Nf6 6. a4 {[%cal Ga4a5]}
a5) 6. Be3 Qc7 7. a4 Ngf6 8. Be2 (8. a5) 8... O-O 9. O-O Re8 10. a5 e5 11. dxe5
dxe5 12. Qd2 Bf8 {[%csl Gd6][%cal Gf8b4]} 13. Bc4 Nc5 $146 ({RR} 13... Bb4 14.
Ng5 Re7 15. f4 h6 16. Nxf7 Rxf7 17. fxe5 Nxe5 18. Bb3 Nxe4 19. Qd4 Bxc3 20.
bxc3 Ng3 21. Rf2 Nf5 22. Qe4 Nxe3 23. Qxe3 Kh7 24. Bxf7 Nxf7 25. Raf1 Bf5 26.
g4 Nd6 27. gxf5 Nxf5 28. Qf4 {Ivanova,A (2049)-Korolov,D/Vladimir 2004/EXT
2005/0-1 (34)}) 14. Ng5 Be6 $11 15. Qe2 h6 16. Bxc5 {Un peu douteux car
l'américain a ensuite souffert sur les cases noires pendant la partie} (16.
Nxe6 Nxe6 {[%cal Ge6d4,Ge6f4]}) 16... Bxc5 17. Nxe6 fxe6 18. g3 Kg7 19. Kg2
Rad8 $11 {[%csl Gc5]} 20. Bd3 Bd4 {[%csl Gd4]} 21. Na4 a6 22. c3 Ba7 23. b4 Nh5
24. Nb2 Qe7 25. Rad1 Rf8 26. Bc4 Rxd1 {[%cal Gb2d1]} 27. Qxd1 (27. Nxd1 {
[%cal Gd1e3]}) 27... Rd8 28. Nd3 c5 29. bxc5 Bxc5 30. Qb3 Ba7 31. Nxe5 Qc7 32.
Be2 Nf6 33. Nd3 e5 34. Rb1 Rd7 35. Qb4 g5 {[%csl Rf5]} 36. Rb2 h5 37. f3 $6 h4
$1 {Force un affaiblissement des cases noires du roque} 38. g4 {[%csl Rf4,Rg3]}
Nh7 $1 {[%cal Gh7f8,Gf8g6,Gg6f4]} 39. Qb3 Nf8 40. Ra2 Ng6 41. Kh2 Qd8 {[%cal
Gd7d3]} (41... Be3 {[%cal Ge3f4]}) 42. Qb1 Qf8 43. Kh1 Kh6 44. Qf1 Qd8 45. Qb1
Qc8 46. Qb4 Qc6 47. Qa4 Qe6 48. Rb2 Qf7 49. Qb3 Qf6 50. Qc4 Qd8 51. Ra2 Rc7 52.
Qe6 Qh8 53. Rb2 Re7 54. Qd6 Qc8 55. Rb3 Qe8 56. Nc5 Qf7 57. c4 $2 Qf4 $19 {
[%csl Rg3]} 58. Ne6 Rxe6 0-1

[Event "Cappelle op 31st"]
[Site "Cappelle la Grande"]
[Date "2015.02.28"]
[Round "1"]
[White "Azarov, Sergei Nikolaevich"]
[Black "Solomon, Kenny"]
[Result "1-0"]
[WhiteElo "2635"]
[BlackElo "2399"]
[Annotator "RR"]
[PlyCount "67"]
[EventDate "2015.02.28"]
[EventType "swiss"]
[EventRounds "9"]
[EventCountry "FRA"]
[SourceTitle "EXT 2016"]
[Source "ChessBase"]
[SourceDate "2015.10.08"]
[SourceVersion "1"]
[SourceVersionDate "2015.10.08"]
[SourceQuality "1"]

1. e4 d6 {Le sud-africain est le champion d'Afrique en titre et il a reçu le
titre de GMI à cette occasion.} 2. d4 Nf6 3. Nc3 g6 4. Nf3 Bg7 5. Be3 O-O 6.
Qd2 Ng4 7. Bg5 h6 8. Bh4 (8. Bf4 {[%cal Gh2h3]}) 8... c6 9. h3 Nf6 10. O-O-O (
10. Bd3 Qc7 11. e5 Nd5 12. O-O Nxc3 13. bxc3 Be6 14. Rfe1 d5 15. Rab1 b6 16.
Qe2 Re8 17. c4 Nd7 18. cxd5 cxd5 19. Rec1 Nf8 20. c3 Rac8 21. Ba6 Ra8 22. a4 f5
23. exf6 exf6 24. Qa2 f5 25. Bb5 Rec8 26. Ba6 Re8 27. Bb5 Rec8 28. Ba6 {
1/2-1/2 (28) Hoffmann,M (2462)-Siebrecht,S (2496) Germany 2014}) 10... b5 11.
e5 b4 12. exf6 bxc3 13. Qxc3 exf6 14. Bg3 Re8 15. Bd3 $146 (15. Nd2 f5 16. Nc4
Re6 17. h4 h5 18. Bf4 Ba6 19. Qa5 Qe7 20. Bg5 f6 21. Bd2 d5 22. Bb4 Qb7 23. Nd6
Qb6 24. Qa3 Bf8 25. Bc5 Qc7 26. Bxa6 Nxa6 27. Qxa6 Bxd6 28. Bxd6 Qxd6 29. Kb1
Qe7 30. a3 Rb8 31. Qa5 Re8 32. Qc3 Kg7 33. Ka2 f4 34. Rd3 Qd7 35. g3 Re2 36.
Rf3 fxg3 37. Rxg3 R8e6 38. Rhg1 f5 39. Qf3 Qf7 40. Rxg6+ Rxg6 41. Rxg6+ Qxg6
42. Qxe2 Kh6 43. f4 Qf6 44. Qe8 Qxh4 {Kulaots,K (2572)-Svirjov,I (2503)
Tallinn 2005 1/2-1/2}) 15... a5 {Accentue le retard de développement des Noirs
} 16. Rhe1 $32 Be6 17. Re2 f5 18. Qa3 (18. Rde1 c5 19. Qd2 cxd4 20. Bb5 Nd7 21.
Nxd4 $36 {[%csl Rc6,Rd6,Re6]}) 18... Bf8 19. Rde1 Na6 20. d5 $1 {Une petite
combinaison qui gagne la case "b5", libère la case "d4" pour le N tout en
enfermant le Be6} cxd5 21. Bb5 $44 Qb6 $1 22. Bxe8 Rxe8 23. Bf4 Nb4 24. Be3 Qc7
(24... d4 $5 {[%cal Gb4a2]}) 25. Bd4 Rc8 26. Qb3 $16 f4 27. a3 Nc6 28. Kb1 Qd7
29. Qa4 $1 {Un fort coup et la position Noire devient difficile} Bf5 (29...
Nxd4 30. Qxd7 Bxd7 31. Nxd4 Bg7 32. Re7 Ba4 33. Nb3) 30. Bc3 Qb7 31. Re8 (31.
Qxf4) 31... Be4 $2 (31... Rxe8 {Un moindre mal} 32. Rxe8 d4 33. Nxd4 Bd7 {
[%cal Gd7a4,Gd7e8]}) 32. Rxc8 Qxc8 33. Nd4 Ne5 34. f3 1-0

[Event "Paris Grand Prix du Senat 2nd"]
[Site "Paris"]
[Date "2001.04.06"]
[Round "2.6"]
[White "Fressinet, Laurent"]
[Black "Spassky, Boris Vasilievich"]
[Result "1-0"]
[WhiteElo "2575"]
[BlackElo "2551"]
[Annotator "Rabinovich,Al"]
[PlyCount "63"]
[EventDate "2001.05.05"]
[EventType "k.o."]
[EventRounds "2"]
[EventCountry "FRA"]
[SourceTitle "CBM 083"]
[Source "ChessBase"]
[SourceDate "2001.07.05"]
[SourceVersion "1"]
[SourceVersionDate "2001.07.05"]
[SourceQuality "1"]

1. e4 {[%mdl 11264]} g6 2. d4 Bg7 3. Nc3 d6 4. Nf3 Nd7 5. Be3 e5 6. Qd2 (6.
dxe5 dxe5 7. Bc4 Ngf6 8. h3 O-O 9. O-O Qe7 10. Qe2 c6 11. a4 a5 12. Rad1 Nc5
13. Rfe1 Ncxe4 14. Nxe4 Nxe4 15. Bb6 $14 {1/2-1/2 Fressinet,L-Spassky,B/Paris
FRA 2001/The Week in Chess 339 (50)}) 6... Ngf6 7. h3 (7. dxe5 Nxe5 8. Nxe5
dxe5 9. Qxd8+ Kxd8 10. O-O-O+ Nd7 11. Bc4 f6 12. h4 c6 13. h5 g5 $14 {[%cal
Gc3e2,Ge2g3] 1/2-1/2 Belikov,V-Komliakov,V/Moscow 1998/EXT 2000 (26)}) 7... O-O
8. O-O-O $5 exd4 (8... c6 9. dxe5 dxe5 10. Nxe5 Nxe4 11. Nxe4 Bxe5 12. f4 Bg7
13. g4 $36) 9. Nxd4 Re8 10. f3 c6 11. Nb3 Bf8 $6 {Too passive.Black doesn't
develop this bishop to g7 in order to remove it to f8 and to give him the job
of defending the d6 pawn!?} (11... d5 $5 12. exd5 Nxd5 13. Nxd5 cxd5 14. Bd4
$14 Ne5 $6 (14... Nb6 $142) 15. f4 Nc4 (15... Nc6 16. Bxg7 Kxg7 17. Qxd5 Qxd5
18. Rxd5 Be6 $44) 16. Bxc4 dxc4 17. Bxg7 Qxd2+ 18. Nxd2 Kxg7 19. Nxc4 Be6 20.
Nd6 Re7 $16) 12. h4 $14 b5 (12... h5 13. Bg5 $40 {[%cal Gg2g4]}) 13. g4 b4 (
13... Ne5 $5 14. g5 (14. Be2 b4 15. Nb1 (15. Na4 $5 Bd7 16. h5 c5 17. hxg6 fxg6
18. g5 Bxa4 19. gxf6 Qxf6 $132) 15... a5 16. h5 a4 17. Nd4 b3 $13) 14... b4 $1
15. gxf6 bxc3 16. Qxc3 Qxf6 17. Be2 $14 {[%cal Gf3f4]}) 14. Ne2 {[%cal Ge2g3,
Ge2d4]} d5 $2 (14... Ne5 $142 $132 {It is unclear why black didn't play such a
simple and good move.}) 15. g5 Nh5 16. exd5 cxd5 17. Qxd5 Rxe3 $6 {Black
sacrafises more material in order to complicate the position.} (17... Ba6 18.
Nf4 $1 Nxf4 19. Bxf4 Bxf1 20. Rhxf1 $16) (17... Rb8 18. Bxa7 Rb7 19. Bf2 {
Two pawns up and no real compensation for them.}) 18. Qxa8 Qc7 19. Qd5 {
White prefers to leave the knight on e2 for a while and not to let black to
activate the Q on f4.} (19. Ned4 {[%cal Gc7f4]} Nb6 20. Qc6 Qf4 21. Kb1 Ng3 22.
Rg1 $18) 19... Nb6 20. Qd8 {Good move.White earns a tempi for developing his
pieces.} Qb7 21. Ned4 $18 {[%csl Gb5,Gc6,Gd4,Ge6,Gf3,Gf5] Very good square for
the N.} Nd5 22. Bc4 Nb6 23. Bb5 {[%cal Gh1e1,Gb3c5] White is completly winning.
In addition to extra material white pieces control the board ,while black
pieces suffer from lack of space.} Kg7 $2 {This move is loosing the game by
force,but position was already very unpleasant for black.} {[%tqu "En","Find
the best move for white.","","","d4f5","Wins immedeatly.",10]} 24. Nf5+ Bxf5
25. Qd4+ Kg8 26. Qxe3 {[%mdl 1024]} Nd5 27. Qd4 Nhf4 28. Bc4 Be6 29. Kb1 {
Avoiding unnessasary checks on e2....} (29. h5 $1 $18) 29... Bg7 30. Qe4 {
[%cal Gc4e6,Ge4b7]} Bf5 31. Bxd5 (31. Qe8+ Bf8 32. Bxd5 Nxd5 33. Nc5 Qe7 34.
Qxe7 Nxe7 35. Nd7 $18 {With easy winning.}) 31... Qc8 $4 (31... Bxe4 $8 32.
Bxb7 Bxb7 33. Rd8+ Bf8 34. Nc5 {[%cal Gc5b7,Gc5d7,Gd7f8]} Bc6 $8 35. Rc8 Bxf3
36. Rf1 Bg4 37. Rxf8+ Kxf8 38. Rxf4 $18) 32. Qc4 {White is a rook and exchange
up....Black resigned.} 1-0

[Event "EU-Cup 09th Group6"]
[Site "Clichy"]
[Date "1993.09.17"]
[Round "1"]
[White "Stangl, Markus"]
[Black "Rocha, Sergio MC"]
[Result "1-0"]
[WhiteElo "2525"]
[BlackElo "2310"]
[Annotator "Ribli,Z"]
[PlyCount "57"]
[EventDate "1993.09.17"]
[EventType "team-k.o."]
[EventRounds "3"]
[EventCountry "FRA"]
[SourceTitle "EXT 2020"]
[Source "ChessBase"]
[SourceDate "2019.10.17"]
[SourceVersion "1"]
[SourceVersionDate "2019.10.17"]
[SourceQuality "1"]
[WhiteTeam "Muenchen Bayern"]
[BlackTeam "Lisbon TLP"]
[WhiteTeamCountry "GER"]
[BlackTeamCountry "POR"]

1. Nf3 d6 2. d4 Bg4 3. e4 Nf6 4. Nc3 g6 5. h3 (5. Be3 Bg7 6. Be2 {-> B08}) 5...
Bxf3 6. Qxf3 Nc6 7. Bb5 Nd7 8. Be3 (8. e5 $5 dxe5 9. Bxc6 bxc6 10. Qxc6 exd4
11. Nd5 $44) 8... Bg7 9. O-O-O a6 10. Bxc6 bxc6 11. h4 h5 12. Bg5 (12. e5 $5
$14) 12... Qb8 13. e5 Qb6 14. exd6 cxd6 15. Rhe1 e6 16. Ne4 O-O (16... c5 $2
17. Nxd6+ Qxd6 18. Qxa8+ $18) 17. Nxd6 Rab8 $2 (17... c5 $1 18. Be7 cxd4 19.
Bxf8 Rxf8 $14) 18. b3 c5 19. Nc4 Qa7 20. d5 $1 e5 21. Bd2 (21. Be7 $5 Rfe8 22.
d6 $18) 21... f6 22. g4 $1 hxg4 23. Qxg4 Nb6 24. Nxb6 Rxb6 25. Qxg6 f5 26. d6
e4 27. Bc3 Rb7 28. Rg1 Rbf7 29. d7 1-0

[Event "Hoogovens-B"]
[Site "Wijk aan Zee"]
[Date "1998.01.20"]
[Round "1"]
[White "Xie, Jun"]
[Black "Kasimdzhanov, Rustam"]
[Result "0-1"]
[WhiteElo "2485"]
[BlackElo "2565"]
[Annotator "Rodriguez,Am"]
[PlyCount "42"]
[EventDate "1998.01.20"]
[EventType "tourn"]
[EventRounds "11"]
[EventCountry "NED"]
[EventCategory "10"]
[SourceTitle "CBM 063"]
[Source "ChessBase"]
[SourceDate "1998.03.26"]
[SourceVersion "1"]
[SourceVersionDate "1998.03.26"]
[SourceQuality "1"]

1. e4 {Yudasin,L} g6 2. d4 Bg7 3. Nc3 c6 4. Nf3 d6 5. Be3 {A system which is
becoming extremely popular these days.} (5. h3 {Yudasin,L}) (5. Bc4 {Yudasin,L}
Nf6 6. Bb3) 5... Nf6 6. Qd2 O-O (6... Ng4 {Yudasin,L} 7. Bg5 h6 8. Bh4 Qa5 9.
h3 Nf6 10. Bd3 (10. e5 dxe5 11. dxe5 (11. Nxe5 $14) 11... Nd5 12. Nxd5 Qxd2+
13. Kxd2 cxd5 14. Bd3 Nc6 15. Rhe1 Bf5 $14) 10... e5 $132) 7. Bh6 (7. h3 {
Yudasin,L} b5 8. Bd3 $5) 7... b5 8. Bd3 Bg4 {Black could have played the
opening in a variety of ways, putting his knight on c6 or d7, keeping his
bishop on c8 and so on. 8...Bg4 is a consistent move, it has been adopted by
several strong players and may well be the best reaction. Here I try to
present an outline of the whole line starting from this point including as
many games as I could find. Since many transpositions from different Pirc move
orders are possible, specific and individuals database search by exact
positions would be required to make sure all games are collected.} 9. O-O-O (9.
Bxg7 {This move is played more often, but not necessarily in the best order.
It is clear, that after the bishop goes to h6, in most cases it will be
exchanged, but it makes a difference to take on g7 or to recapture on h6.} Kxg7
{Here White faces a wide choice. It is worth noting that this position can
also be reached after White plays 5.Bf4 and then Bh6 so I have tried to
include most transpositions. From the very many options here White has not
been able to show a convincing line to advantage.} 10. Ng5 (10. Qf4 Bxf3 11.
Qxf3 e5 12. dxe5 (12. Ne2 Nbd7 13. O-O Re8 14. c3 Qb6 15. Rad1 d5 $1 $36 {
Palacios de la Prida,E-Strikovic,A/Osuna op 1991}) 12... dxe5 13. O-O Nbd7 14.
Rfd1 Qe7 15. a4 (15. a3 Nc5 16. Rd2 a5 17. Rad1 Rfd8 18. Qe3 Rd4 19. Ne2 Rd7
20. Ng3 Rad8 21. f3 Ne8 $11 {Chernyshov,K-Szymczak,Z/Frydek Mistek op 1996})
15... a6 16. Ne2 Nc5 17. a5 Rfd8 18. Ng3 h5 19. h3 Ne6 $15 {Kosten,A-Laketic,G/
Bozen op 1992}) (10. Ne2 Nbd7 11. Ng3 Qb6 12. e5 Nd5 13. Be4 $6 Bxf3 14. Bxf3
dxe5 15. O-O-O exd4 16. Bxd5 cxd5 $17 {Hebden,M-Schlosser,M/Cappelle op 1993})
(10. h3 Bxf3 11. gxf3 e5 12. dxe5 dxe5 13. f4 exf4 14. Qxf4 Nbd7 15. O-O-O Qe7
$13 {Marciano,D-Tkachiev,V/Clichy 1995}) (10. Ng1 e5 11. h3 Bc8 12. dxe5 dxe5
13. Nf3 Nbd7 14. O-O-O Qe7 $11 {Amador Rodriguez,A-Irzhanov,R/Lucerne World
Cup tt 1997}) (10. e5 dxe5 $146 (10... Nfd7 11. Ng5 dxe5 12. h3 $16) 11. dxe5
Nfd7 12. Qe3 $8 Qc7 13. e6 Bxe6 14. Ng5 Qe5 15. Nxe6+ fxe6 $13 {Adams,M-Shirov,
A/Dos Hermanas 1995}) (10. Qe3 {Yudasin,L} Qb6 11. Ne2 {/\c3,h3,0-0} e5) 10...
b4 (10... e5 11. h3 Bc8 12. dxe5 dxe5 13. a4 b4 14. Ne2 a5 15. f4 Nbd7 16. O-O
Qe7 17. Rf2 $14 {Sadler,M-Szmetan,J/Buenos Aires Najdorf 1995}) 11. Nd1 h6 12.
Nf3 Qb6 13. c3 Bxf3 14. gxf3 Nbd7 15. Ne3 e5 16. Rg1 Kh7 17. Ng4 Nxg4 18. Rxg4
bxc3 19. bxc3 Nf6 20. Rh4 Nh5 $17 {Sperber,G-Jansson,B/SWE-ch 1972}) (9. a4 $5
{The most promising at the moment. It is in some way a strange move because
White is self weakening the side where his king is most likely to go, in
return he gets extra time to transfer his knight to the king side as after 9...
b4 10.Ne2 the black pawn hangs. Also note that White is keeping his bishop on
h6 to prevent Black from answering h2-h4 with h7-h5. The true fact is, however,
that there is little experience with 9.a4.} b4 (9... Bxh6 10. Qxh6 Bxf3 11.
gxf3 Qa5 12. h4 Nbd7 13. h5 e5 14. d5 b4 15. Nd1 cxd5 16. Ne3 Kh8 17. hxg6 fxg6
18. exd5 $40 {Khalifman,A-Kupreichik,V/Viking op 1997}) 10. Ne2 a5 11. Ng3 Nbd7
12. h4 $1 $40 e5 13. dxe5 dxe5 14. h5 $1 Bxh5 15. O-O-O Nc5 16. Bxg7 Kxg7 17.
Qg5 $1 $40 {Zapata,A-Schussler,H/Santa Clara 1996}) (9. h4 {A direct approach,
closely connected to 9.0-0-0.} Bxf3 10. gxf3 e5 (10... Nh5 11. Ne2 e5 12. O-O-O
Nd7 13. dxe5 Nxe5 14. Bxg7 Kxg7 15. f4 Nxd3+ 16. Qxd3 Qe7 $132 {Mohr,G-Moeller,
A/Lienz op/1988}) 11. dxe5 dxe5 12. O-O-O Nh5 13. Bg5 Qc7 14. Ne2 Na6 15. Kb1
Nc5 16. Be3 Ne6 17. Ng3 Nhf4 18. h5 $132 {Dunnington,A-Weill,R/Cannes op/1992})
9... e5 10. Ne2 (10. Bxg7 {Here and on the next move is possible and may even
transpose to the lines shown after 9.Bxg7} Kxg7 11. Ne2 (11. dxe5 {Yudasin,L}
dxe5 12. Qe3 Qe7 13. h3 Bxf3 14. Qxf3 Nbd7 $36 {/\Nc5,a5}) 11... Nbd7 12. dxe5
dxe5 13. h3 Be6 14. Kb1 Qb6 15. Ng3 c5 16. Rhe1 Rad8 $132 {Gallagher,
J-Tkachiev,V/Hastings op (7) 1993}) 10... Nbd7 11. h3 $6 {A new move to
Megabase 98 and probably not a good one.} (11. dxe5 dxe5 12. Ng3 Re8 13. h3
Bxf3 14. gxf3 Bxh6 15. Qxh6 Kh8 16. h4 Ng8 17. Qe3 Qe7 18. h5 $40 {Stangl,
M-Buchal,S/BL9495 1995}) (11. Bxg7 {Yudasin,L} Kxg7 12. c3 Re8 13. Ng3 $10)
11... Bxf3 12. gxf3 Bxh6 $5 13. Qxh6 Nh5 $5 14. Rhg1 (14. f4 Qh4 15. fxe5 dxe5
16. dxe5 Nxe5 17. f4 Nxd3+ 18. Rxd3 (18. cxd3 Qf2 19. Rd2 Qe3 $17 {/\Kh8,/\Rad8
}) 18... Qf2 $17) (14. Rdg1 {Yudasin,L} Qh4 15. Rh2 Kh8 16. Rg4 Qf6 17. Qe3 $17
) 14... Qh4 $1 {With his last three moves Black developed a thematic and cold
blooded strategy to defend his king and at the same time to create threats
that White, on this game, could not stop.} 15. f4 (15. dxe5 {Yudasin,L} dxe5
16. Bxb5 cxb5 17. Rxd7 Qxf2 $17) (15. Ng3 {Yudasin,L} Qf4+ 16. Qxf4 Nxf4 $17)
15... exf4 16. f3 $6 (16. Rg4 {Yudasin,L} Qxh3 17. Rdg1 Ndf6 $19) 16... Kh8 (
16... Ndf6 {Yudasin,L} 17. Rg4 Qxh3 18. Nxf4 $2 Nxf4 $19) 17. Rg5 (17. Rdf1 {
Yudasin,L} Ndf6 18. c3 Ng8 19. Qg5 Qxg5 20. Rxg5 h6 $17) 17... Ndf6 18. Rdg1 $2
Qf2 $1 $19 {Threatening Ng8 among other things.} (18... Ng8 {Yudasin,L} 19.
Qxh5 Qxh5 20. Rxh5 gxh5 21. Nxf4 Nf6 $17) 19. R5g2 Qxf3 20. Rg4 Qxh3 21. Nxf4
Qe3+ (21... Nxf4 {Yudasin,L} 22. Qxf4 Nxg4 23. Rxg4 f6 24. Rh4 g5 $19) 0-1

[Event "UKR-ch"]
[Site "Ordzhonikidze"]
[Date "2001.09.15"]
[Round "8"]
[White "Brodsky, Michail"]
[Black "Goloshchapov, Alexander"]
[Result "1/2-1/2"]
[WhiteElo "2528"]
[BlackElo "2550"]
[Annotator "Roiz,M"]
[PlyCount "50"]
[EventDate "2001.09.08"]
[EventType "swiss"]
[EventRounds "9"]
[EventCountry "UKR"]
[SourceTitle "CBM 086"]
[Source "ChessBase"]
[SourceDate "2002.02.05"]
[SourceVersion "1"]
[SourceVersionDate "2002.02.05"]
[SourceQuality "1"]

1. e4 g6 2. d4 Bg7 3. Nf3 d6 4. Be2 Nf6 5. Nc3 O-O 6. O-O e6 $5 {Original move
in this kind of positions.The main purpose of this continuaton is to deviate
from the mail lines. But the main idea of this move is to put the knight
one-e7: very comfortable square.} 7. Re1 (7. h3 Nc6 8. Bg5 h6 9. Be3 b6 10. Qc1
Kh7 11. Rd1 Qe7 12. a4 Bb7 13. Bf1 Rfe8 14. Qd2 {Roos,Jean Luc-Shchekachev,
Andrei/Mets op 2000} Qf8 $11) (7. e5 $6 dxe5 8. Nxe5 (8. dxe5 $2 Qxd1 9. Rxd1
Nfd7 {[%csl Re5][%cal Gd7e5,Gg7e5,Gb8c6]} 10. Nb5 a6 $1 11. Nxc7 $140 Ra7 {
[%csl Rc7][%cal Gb7b6,Gb7b5]})) 7... Nc6 8. d5 $6 {[%mdl 16384] In my opinion
this move is not logical: Black can get counterplay agains this pawn .} (8. h3
a6 (8... b6 9. Bf4 Bb7 10. d5 $6 {the same strategical mistake.} (10. Bf1 $14)
10... exd5 11. exd5 Ne7 12. Bc4 a6 13. a4 Qd7 14. Qd2 Rfe8 $11 {[%csl Rd5,Ge7]
Brynell,S-Agrest,E/ch-SWE 2000}) (8... h6 9. Be3 b6 10. Qd2 Kh7 11. Rad1 Bb7
12. e5 $1 dxe5 13. dxe5 Ng8 14. Qc1 $14 {[%csl Ge5,Rg7,Rg8]} Qe7 15. Bf4 Rfd8
16. a3 {Kuczynski,R-Czerwonski,A/57th ch-POL Plock POL 2000}) 9. Bf1 h6 10. Bf4
b5 11. a4 b4 12. Na2 a5 13. Nc1 Bb7 14. Bh2 Ne7 15. Bd3 g5 {[%cal Ge7g6] with
better chanses for white. Tseitlin,Mark D-Roiz,Michael/Isr-ch Ramat-Aviv/
Modiin 2000}) 8... exd5 9. exd5 Ne7 $14 {[%csl Rd5,Ge7,Gf6] Now white cannot
finish his development comfotably due to his weak pawn on d5.} 10. a4 b6 11.
Bc4 Bb7 {[%csl Gb7]} 12. Qd3 {The main white's problem is there to put the
dark-square bishop.} (12. Bg5 h6 13. Bh4 $6 Nf5 $15 {[%csl Gg7,Rh4]}) (12. Bf4
h6 $5 13. Qd2 Kh7 {[%csl Rf4][%cal Gf6h5]}) 12... a6 13. Bf4 b5 $1 {Right! Now
black doesn't have any problems.} 14. axb5 (14. Bb3 $2 b4 $17 {[%csl Rd5]})
14... axb5 15. Rxa8 Bxa8 16. Nxb5 (16. Bxb5 Nexd5 17. Nxd5 Nxd5 18. Bg5 Qb8 {
[%csl Rb2,Gb8][%cal Gd5b4,Gb8b2] =/=+}) 16... Nexd5 17. Bg3 (17. Bg5 Qd7) 17...
Qd7 {[%csl Rb5]} 18. Nbd4 {Knight has nothing to do on b5} Nb6 19. Bb5 (19. Ne6
$6 {looks very beautiful, but actually it's not good:} Nxc4 20. Nxf8 Qc6 21. b3
Nb6 $15 {[%csl Rf8]}) 19... c6 20. Ba6 Nfd5 {Black could get some better
chanses:} ({After} 20... Nh5 $1 21. Bh4 $140 (21. Qb3 Nxg3 22. hxg3 Rb8 $15 {
[%csl Ga8,Gg7]}) 21... c5 $36) 21. Qb3 Rb8 22. Qa3 {[%csl Rd6][%cal Ga3d6,
Gg3d6]} c5 23. Bb5 Qc7 24. c4 $1 {Now white is O.K} (24. c3 Nf6 25. Be2 Ne4 26.
Nb5 Qc6 $15 {And black has some advantage due to more active pieces}) 24... Nb4
25. Qb3 Nc6 {After this move black is not better: 26.NXc6 BXc6 27.BXc6 QXc6 28.
Qc2=} 1/2-1/2